000
00250 a2200109 4500
001
50733
040
_c
Anchieta - Pituba
240
1
0
_a
Deutsch.com
_l
245
1
0
_a
Deutsch.com
650
4
_a
Línguas germânicas (teutônicas) língua alemã
942
_c
MU
999
_c
50733
_d
50733